| 000 | 00509nam a2200169 4500 | ||
|---|---|---|---|
| 001 | 108656 | ||
| 003 | ES-MaACL | ||
| 005 | 20230906184700.0 | ||
| 007 | t| | ||
| 008 | 061121s1933 fr r ||||1| fre d | ||
| 100 | 1 |
_aMontherlant, Henry de. _982641 |
|
| 245 | 1 | 3 |
_aLa relevé du matin / _cHenry de Montherlant. |
| 250 | _aEdition definitive avec une nouvelle préface de l'auteur. | ||
| 260 |
_aParís : _b[s.n.], _c1933 ( _fImp. Moderne) |
||
| 300 |
_aXXI, 246 p. ; _c19 cm. |
||
| 852 |
_aES-MaACL _jB-12907 |
||
| 999 |
_c108656 _d108656 |
||